| 000 | 00474nam a2200193Ia 4500 | ||
|---|---|---|---|
| 003 | IN-BaIIA | ||
| 008 | 211028s9999 xx 000 0 eng d | ||
| 020 | _a0-7522-2331-3 | ||
| 040 | _cIIA Library | ||
| 080 |
_a523.31 _bCHA |
||
| 100 |
_aChalloner, J _925944 |
||
| 245 | 0 |
_aEquinox space _cJ. Challoner |
|
| 260 |
_aLondon _bChannel 4 books _c2000 |
||
| 300 | _a240p. | ||
| 650 |
_aBlack holes _97728 |
||
| 650 |
_aSpace _93725 |
||
| 650 |
_aStrom _925945 |
||
| 942 | _cBK | ||
| 999 |
_c14583 _d14583 |
||